| 000 | 00000nam##2200000za#4500 |
| 001 | 9.536789 |
| 003 | CaOODSP |
| 005 | 20210615084436 |
| 007 | ta |
| 008 | 150406|2002||||xxc||||| f|0| 0 fre|d |
| 020 | |a0-660-62101-0 |
| 040 | |aCaOODSP|bfre |
| 041 | |aeng |
| 041 | |afre |
| 043 | |an-cn--- |
| 086 | 1 |aBT31-4/33-2002 |
| 110 | 1 |aCanada. |bConseil du trésor. |
| 245 | 10|aTribunal de l'aviation civile du Canada |
| 260 | |aOttawa - Ontario : |bSecrétariat du Conseil du Trésor du Canada |c2002. |
| 300 | |a21p. : |bgraphique, organigramme, tableaux ; |c28 cm. |
| 490 | 1 |aRapport sur le rendement pour la période se terminant le 31 mars 2002 |
| 563 | |aCouverture souple |
| 590 | |a02-46|b2002-11-15 |
| 691 | 07|aAviation civile|2gcpds |
| 691 | 07|aPrévisions budgétaires|2gcpds |
| 691 | 07|aTribunal|2gcpds |
| 776 | 0#|tCivil Aviation Tribunal of Canada, performance report for the period ending March 31, 2002 |w(CaOODSP)9.572962 |
| 776 | 0#|tTribunal de l'aviation civile du Canada, rapport sur le rendement pour la période se terminant le 31 mars 2002 |w(CaOODSP)9.603206 |
| 791 | |tCivil Aviation Tribunal of Canada |eeng|w(CaOODSP)9.536788 |
| 830 | #0|aRapport sur le rendement pour la période se terminant le 31 mars 2002.|w(CaOODSP)9.510739 |